| 000 | 03564nam a22003977a 4500 | ||
|---|---|---|---|
| 005 | 20101005111245.0 | ||
| 010 | _aHIN-84329 | ||
| 020 |
_a9788181437372 _c200.00 |
||
| 035 | _aHN-56675 | ||
| 035 | _aB-400819-827 | ||
| 037 | _bDBAD / PUB | ||
| 037 | _bवाणी प्रकाशन/ PUB | ||
| 082 | _a824 | ||
| 100 |
_aमिश्र, विद्यानिवास _922838 |
||
| 245 |
_aअज्ञेयः वन का छंद / _cविद्यानिवास मिश्र; गिरीश्वर मिश्र एवं गणेश शुक्ल द्वारा संचयित एवं संपादित |
||
| 246 |
_aAgeya : vana kaa chhanada _bby Vidyanivas Mishra |
||
| 260 |
_aनई दिल्ली _bवाणी प्रकाशन _c2008 |
||
| 270 |
_a21-ए, दरियागंज _bनई दिल्ली _e110002 _k011 23273167, 23275710 _l011 23275710 _mvaniprakashan@gmail.com |
||
| 300 |
_a136पृ _c22सेमी (सजिल्द) |
||
| 650 |
_aहिन्दी निबंध _922839 |
||
| 650 |
_aHindi essays _922840 |
||
| 700 |
_aमिश्र, गिरीश्वर _922785 |
||
| 700 |
_aशुक्ल, गणेश _922786 |
||
| 942 |
_2ddc _cHN _mमिश्रवि _h824 |
||
| 999 |
_c16495 _d16495 |
||